Statistics for Countries with the Highest Death Rate A-Z

Click here to take the quiz!

General Stats

  • This quiz has been taken 341 times
  • The average score is 11 of 23

Answer Stats

Death Rate (‰)Country% Correct
Y6.5Yemen
83%
O3.4Oman
78%
Q1.5Qatar
77%
Z12.9Zambia
77%
J9.4Japan
66%
A14.1Afghanistan
60%
R13.8Russia
60%
V5.9Vietnam
55%
U15.7Ukraine
46%
H12.7Hungary
45%
F10.5Finland
42%
I10.1Italy
41%
C14.6Chad
40%
M13.2Mali
40%
K8.3Kazakhstan
39%
E13.7Estonia
36%
G14.5Guinea-Bissau
30%
L14.9Lesotho
28%
N13.6Namibia
27%
B14.3Bulgaria
23%
P11.0Portugal
23%
S17.5South Africa
20%
T8.9Tuvalu
19%

Score Distribution

Percentile by Number Answered

Percent of People with Each Score

Your Score History

You have not taken this quiz